| 000 | 00884nam a2200265 i 4500 | ||
|---|---|---|---|
| 001 | 000038782 | ||
| 003 | DO-SdBNP | ||
| 005 | 20260422135656.0 | ||
| 007 | ta | ||
| 008 | 130422s2000 dr 000 0 spa d | ||
| 040 |
_aDO-SdBNP _bspa _cBNPHU _erda |
||
| 041 | _aspa | ||
| 082 | 4 |
_axxx _bxxx _222 |
|
| 110 | 1 |
_aRepública Dominicana. _9447 |
|
| 240 | 1 | 0 | _a[Leyes, etc.] |
| 245 | 1 | 0 | _aCódigo penal de la República Dominicana incluye las modificaciones de la ley no. 24-97 del 28 de enero de 1997 G. O. 9945 y 36-2000. |
| 264 | 1 |
_aSanto Domingo : _beditor no identificado, _c2000. |
|
| 300 |
_a175 páginas ; _c21 cm. |
||
| 336 |
_atexto _btxt _2rdacontent |
||
| 337 |
_asin mediación _bn _2rdamedia |
||
| 338 |
_avolumen _2rdacarrier _bnc |
||
| 500 | _aIncluye referencias bibliográficas y notas al pie de las páginas | ||
| 590 | _aInventariado, 2024/BT | ||
| 942 |
_2ddc _cLBS1 |
||
| 999 |
_c38272 _d38272 |
||